Normal view MARC view

Entry Término temático

Number of records used in: 2

001 - NÚMERO DE CONTROL

  • campo de control: 45328

003 - IDENTIFICADOR DEL NÚMERO DE CONTROL

  • campo de control: OSt

005 - FECHA Y HORA DE LA ÚLTIMA TRANSACCIÓN

  • campo de control: 20200928092744.0

008 - DATOS DE LONGITUD FIJA

  • campo de control de longitud fija: 200928|| aca||aabn | a|a d

040 ## - FUENTE DE LA CATALOGACIÓN

  • Centro catalogador/agencia de origen: OSt
  • Centro/agencia transcriptor: OSt

150 ## - ENCABEZAMIENTO--TÉRMINO DE MATERIA

  • Término de materia o nombre geográfico como elemento de entrada: Perú

670 ## - FUENTE DE DATOS ENCONTRADOS

  • Cita de la fuente: Work cat.: (OSt): Comisión de la Verdad y Reconciliación, CVR (Perú) 45326, Yuyanapaq para recordar:, 2014.

Powered by Koha